• 首页
  • 本馆介绍
  • 公告通知
  • 最新文献
  • 馆藏检索
  • 电子资源
  • 读者导购
  • 参考咨询
  • 我的图书馆
  • 登录
  • 详细信息显示
  • 放入我的书架
  • 预约/预借图书
  • 作者相关作品
  • 分类相关作品
  • 丛书相关作品
  • 出版社相关作品

书目信息

  • 表格格式
  • 工作单格式
  • 卡片格式
题名:
罪恶的旧社会
    
 
作者: ;上海人民出版社 编
分册: 第二册  
出版信息: 上海   上海人民出版社  1978.11
页数: 98页
开本: 19cm
丛书名:
单 册:
中图分类: D642
科图分类:
主题词: 阶级教育--中国 , 革命传统教育--中国
电子资源:
ISBN:
000 00633nam0 2200229 45
001 0178003738
005 20060522160646.17
010    @dCNY0.22
091    @a4074.400
100    @a19950714d1978 demy0chiy0121 ea
101 0  @achi
102    @aCN@b310000
105    @af z 000yy
200 10 @a罪恶的旧社会@Azui e de jiu she hui@h第二册@f上海人民出版社编@FShang Hai Ren Min Chu Ban She Bian
210    @a上海@c上海人民出版社@d1978.11
215    @a98页@c图@d19cm
606    @a阶级教育@x中国
606 0  @a革命传统教育@x中国
690    @aD642@v3
711 02 @a上海人民出版社@4编
801  0 @aCN@bNLC@c20060522
905    @dD642@e1:2
    
    罪恶的旧社会.第二册/上海人民出版社编.-上海:上海人民出版社,1978.11
    98页:图;19cm
    
    
    ISBN :CNY0.22
    
●
相关链接 在E读中查询图书 在五车中查询图书 在当当中查询图书 在豆瓣中查询图书


正题名:罪恶的旧社会     索取号:D642/1:2         预约/预借

序号 登录号 条形码 馆藏地/架位号 状态 备注
1 0004484   202368204   密集书库/ [索取号:D642/1:2] 在馆    
2 0004485   000372199   第一样本阅览室/ [索取号:D642/1:2] 在馆    
唐山师范学院图书馆 欢迎您!
大连网信软件有限公司© 版权所有